Tilastot visalle Valtiot, joiden nimessä on T

Klikkaa tästä pelataksesi tätä visaa!

Yleistilastot

  • Tätä visaa on pelattu 364 kertaa
  • Keskiarvotulos 61 / 79

Vastaustilastot

vihjevaltio% Oikein
1 X TEtelä-Korea
95%
1 X TYhdysvallat
94%
1 X TEtelä-Afrikka
93%
1 X TTansania
93%
1 X TTanska
93%
1 X TTurkki
91%
2 X TTurkmenistan
91%
3 X TYhdistynyt kuningaskunta
91%
2 X TTadžikistan
90%
1 X TEtelä-Sudan
89%
1 X TLatvia
89%
1 X TTuvalu
89%
1 X TItalia
88%
2 X TItävalta
88%
2 X TLiettua
88%
1 X TThaimaa
88%
1 X TIrlanti
87%
1 X TIslanti
86%
3 X TYhdistyneet arabiemiirikunnat
86%
1 X TAfganistan
84%
1 X TRuotsi
84%
1 X TTogo
84%
1 X TTonga
84%
1 X TTšekki
84%
1 X TAustralia
83%
1 X TEtiopia
83%
2 X TItä-Timor
83%
1 X TIntia
82%
1 X TMalta
82%
1 X TTunisia
82%
1 X TArgentiina
80%
1 X TMarshallinsaaret
80%
3 X TSaint Kitts ja Nevis
80%
2 X TVatikaanivaltio
80%
1 X TMauritania
79%
2 X TTrinidad ja Tobago
79%
1 X TEgypti
78%
1 X TPortugali
78%
3 X TSaint Vincent ja Grenadiinit
77%
1 X TSalomonsaaret
77%
1 X TAlankomaat
76%
1 X TEritrea
76%
2 X TLiechtenstein
76%
1 X TTšad
76%
1 X TUusi-Seelanti
76%
2 X TDominikaaninen tasavalta
75%
1 X THaiti
75%
1 X TPakistan
75%
1 X TSaint Lucia
75%
1 X TVietnam
75%
1 X TMauritius
74%
1 X TTaiwan
74%
1 X TAntigua ja Barbuda
72%
1 X TSveitsi
72%
1 X TUzbekistan
72%
1 X TKuwait
71%
1 X TKazakstan
70%
1 X TKomorit
70%
4 X TKongon demokraattinen tasavalta
70%
2 X TKongon tasavalta
70%
1 X TCosta Rica
69%
1 X TKroatia
69%
1 X TSão Tomé ja Príncipe
69%
1 X TBotswana
68%
1 X TFilippiinit
68%
1 X TMontenegro
68%
1 X TSeychellit
68%
1 X TVanuatu
67%
1 X TBhutan
66%
1 X TBosnia ja Hertsegovina
66%
1 X TLesotho
66%
1 X TPäiväntasaajan Guinea
66%
1 X TMalediivit
65%
1 X TGuatemala
64%
2 X TKeski-Afrikan tasavalta
64%
1 X TKiribati
60%
1 X TDjibouti
59%
1 X TQatar
55%
1 X TEswatini
49%

Tulosjakauma

Persentiili vastausten määrän mukaan

Jokaisen tuloksen saaneiden osuus

Tuloshistoriasi

Et ole pelannut tätä visaa